Mythologie gréco-romaine - Statistiques

Statistiques générales
  • Ce quiz a été pris 455 fois
    411 depuis la dernière actualisation
  • Le résultat moyen est 16 sur 20
Statistiques - réponses
Question Réponse % Correct
Dans la Grèce antique, quelle divinité était la déesse de la chasse, de la nature sauvage et de la Lune ? Artémis
100%
Dans la Grèce Antique, quelle divinité était la déesse de l’amour et de la beauté? Aphrodite
99%
Dans la Grèce antique, quelle divinité était le dieu de la mer et des chevaux ? Poséidon
99%
Quelle déesse romaine correspond à la déesse grecque Aphrodite? Vénus
99%
Dans la Rome antique, quelle divinité était la déesse de l'amour et de la beauté ? Vénus
99%
Quel est l’équivalent de Mars, le dieu de la guerre? Arès
98%
Dans la Grèce antique, quelle divinité était la déesse de la sagesse, de la raison et de la stratégie guerrière ? Athéna
98%
Dans la Grèce antique, quelle divinité était le dieu du feu et de la forge ? Héphaïstos
98%
Laquelle de ces planètes correspond à Zeus, le roi des dieux chez les romains? Jupiter
98%
Dans la Rome antique, quelle divinité était la déesse de la sagesse, de la raison et de la stratégie guerrière ? Minerve
98%
Qui sont les Amazones? Des femmes guerrières
97%
Dans la Rome antique, quelle était la divinité suprême, le roi des dieux ? Jupiter
97%
Comment appelle-t-on les neuf filles de Zeus et de Mnémosyne, déesses représentant les idées artistiques et intellectuelles des hommes ? Les Muses
97%
Quel est le nom de l’épouse d’Ulysse? Pénélope
97%
Dans la Grèce antique, quelle était la divinité suprême, le roi des dieux ? Zeus
97%
Dans la Grèce antique, quelle divinité était le dieu du vin et des fêtes, de la folie ? Dionysos
96%
Dans la Grèce antique, quelle divinité était le dieu du mouvement, des voleurs, du commerce et des voyageurs ? Hermès
96%
Dans la Rome antique, quelle divinité était le dieu de la mer et des chevaux ? Neptune
96%
Dans la Rome antique, quelle divinité était le dieu du feu et de la forge ? Vulcain
96%
Dans la Grèce antique, quelle divinité était le dieu de la guerre, des crimes de sang et des armes ? Arès
95%
Qui est l’équivalent romain de Hermès, le messager des dieux? Mercure
94%
Ayant assassiné leur mari durant leur nuit de noce, à quelle peine les Danaïdes sont-elles condamnées? À remplir pour l’éternité des jarres percées, après leur mort
93%
Quel est l'équivalent grec d'Esculape, dieu de la médecine ? Asclépios
93%
Dans la Rome antique, quelle divinité était la déesse du mariage, des femmes et de la naissance ? Junon
93%
Dans la Rome antique, quelle divinité était le dieu de la guerre, des crimes de sang et des armes ? Mars
93%
Quel est l'équivalent romain de Dionysos, dieu de la vigne ? Bacchus
92%
Dans la Rome antique, quelle divinité était le dieu du vin et des fêtes, de la folie ? Bacchus
91%
Qui est le dieu de l’amour pour les Romains? Cupidon
91%
Quelle déesse parcourt la terre entière à la recherche de sa fille disparue, enlevée par le dieu des Enfers ? Déméter
91%
Quel est l’équivalent romain de Hadès, dieu des Enfers? Pluton
91%
Dans la Rome antique, quelle divinité était la déesse de la chasse, de la nature sauvage et de la Lune ? Diane
90%
Comment est née Athéna, déesse grecque de la guerre ? Elle est sortie de la tête de Zeus
90%
Dans la Grèce antique, quelle divinité était le dieu du Soleil, de la musique, de l'archerie et de la prophétie ? Apollon
89%
Dans la Grèce antique, quelle divinité était la déesse de la fertilité, des céréales et des moissons ? Déméter
89%
Dans la Rome antique, quelle divinité était le dieu du Soleil, de la musique, de l'archerie et de la prophétie ? Apollon
87%
Qui personnifie la mort chez les Grecs? Thanathos
86%
Dans la Rome antique, quelle divinité était le dieu du mouvement, des voleurs, du commerce et des voyageurs ? Mercure
85%
Endymion, fils de Zeus, est condamné à dormir pour l'éternité. Par qui est-il aimé pendant son sommeil ? Séléné, la déesse de la Lune
84%
Dans la Grèce antique, quelle divinité était la déesse du mariage, des femmes et de la naissance ? Héra
82%
Avec qui Jason cherche-t-il la Toison d’Or? Les Argonautes
82%
Sous quelle forme est le plus souvent représenté le dieu grec Pan ? Celle d’un satyre
80%
Héphaïstos, dieu du feu chez les Grecs, est l’époux: D’Aphrodite
80%
Vesta est la déesse romaine: Du foyer
80%
Qui sont les Danaïdes? Les filles du roi Danos
76%
Perséphone est-elle une déesse de l’Olympe? Non
73%
Héra, la reine des dieux chez les Grecs, n’est pas: La mère d’Athéna
70%
Laquelle des muses proposée représente la poésie épique? Calliope
69%
Dans la Rome antique, quelle divinité était la déesse de la fertilité, des céréales et des moissons ? Cérès
69%
Quelle déesse grecque est représentée nue, debout dans un coquillage, sur le célèbre tableau de Botticelli ? Aphrodite
66%
Qui sont Saturne et Neptune pour Uranus? Ses descendants
66%
Qui est Érèbe? Le dieu des ténèbres
65%
De qui la déesse grecque Amphitrite est-elle l'épouse ? Poséidon
63%
Pâris, amant d’Hélène, est réputé pour... Sa beauté
56%
Qui est la mère de Proserpine, déesse romaine des enfers ? Cérès
54%
Quelle île Zeus attribue-t-il à Hélios, dieu du Soleil? Rhodes
52%
Qui sont, pour les Romains, les jumeaux qui président au soleil pour l'un et à la lune pour l'autre ? Apollon et Diane
49%
À cause de la méchanceté des hommes, Zeus détruit l'humanité pour en créer une nouvelle. Que déclenche-t-il ? Le déluge
46%
Lequel de ces dieux n'est pas un fils d'Eole, le maître des vents chez les Grecs ? Eos
39%
Qui est Tellus pour les Romains? Le déesse mère
39%
Quels sont les deux intrus dans cette liste de héros? Priam et Hector
33%
Aucun quiz correspondant
Distribution des résultats
% des personnes avec chaque résultat
Percentile par nombre de réponses
Votre historique - résultats
Vous n’avez pas pris ce quiz depuis la dernière actualisation